[Event "Online Olym Top DivA 2020"]
[Site "chess.com INT"]
[Date "2020.08.21"]
[Round "3.2"]
[Board "6"]
[White "Munkhzul, Davaakhuu"]
[Black "Muetsch, Annmarie"]
[Result "1/2-1/2"]
[WhiteTitle "WFM"]
[BlackTitle "WIM"]
[WhiteElo "1991"]
[BlackElo "2219"]
[WhiteTeam "Mongolia"]
[BlackTeam "Germany"]
[WhiteFideId "4902815"]
[BlackFideId "12971367"]
[EventDate "2020.08.21"]
[EventType "team"]

1. e4 c5 2. Nf3 Nc6 3. d4 cxd4 4. Nxd4 e5 5. Nb5 d6 6. N1c3 a6 7. Na3 b5 8. Nd5
Nge7 9. c3 Nxd5 10. Qxd5 Qc7 11. Nc2 Be6 12. Qd1 d5 13. exd5 Rd8 14. Ne3 Bc5 15.
Qf3 Bxe3 16. dxe6 Bxc1 17. exf7+ Kf8 18. Rxc1 e4 19. Qxe4 Qd6 20. Qe3 Kxf7 21.
Be2 Rhe8 22. Qf3+ Kg8 23. O-O Ne5 24. Qg3 Qh6 25. Rcd1 Rd2 26. Bf3 Nxf3+ 27.
Qxf3 Rxb2 28. Rd7 Qe6 29. Qb7 Qf6 30. Qd5+ Qe6 31. Qd4 Qe5 32. a4 Qxd4 33. Rxd4
Rc8 34. axb5 Rxb5 35. Ra4 a5 36. Ra3 Rc4 37. g3 Rbc5 38. Rfa1 Rxc3 39. Rxa5 Rc1+
40. Kg2 Rxa5 41. Rxa5 g6 42. Ra7 h5 43. Kh3 Rc4 44. Kg2 Rc3 45. Kh3 Rc2 46. Kg2
Rb2 47. Rc7 Ra2 48. Kf3 Ra4 49. Re7 Rb4 50. Re4 Rb3+ 51. Re3 Rb4 52. Re7 Ra4 53.
Ke3 Rb4 54. Rd7 Ra4 55. Rd4 Ra3+ 56. Rd3 Ra4 57. Rd7 Rb4 58. Kf3 Ra4 59. Kg2 Ra2
60. h3 Ra4 61. Kf3 Rb4 62. Ra7 Rc4 63. g4 hxg4+ 64. hxg4 Rb4 65. Kg3 Rb2 66. f3
Rb5 67. Kf4 Rc5 68. Re7 g5+ 69. Kg3 Ra5 70. Rb7 Rc5 71. Kf2 Re5 72. Kg3 Ra5 73.
Re7 Kf8 74. Rb7 Kg8 1/2-1/2

[Event "Online Olym Top DivA 2020"]
[Site "chess.com INT"]
[Date "2020.08.21"]
[Round "3.3"]
[Board "1"]
[White "Ding, Liren"]
[Black "Maghsoodloo, Parham"]
[Result "1-0"]
[WhiteTitle "GM"]
[BlackTitle "GM"]
[WhiteElo "2791"]
[BlackElo "2676"]
[WhiteTeam "China"]
[BlackTeam "Iran"]
[WhiteFideId "8603677"]
[BlackFideId "12539929"]
[EventDate "2020.08.21"]
[EventType "team"]

1. c4 Nf6 2. Nf3 c5 3. Nc3 d5 4. cxd5 Nxd5 5. e3 e6 6. Bc4 Nc6 7. O-O Be7 8. d4
cxd4 9. exd4 O-O 10. Re1 a6 11. Bb3 Bf6 12. Ne4 Be7 13. Qd3 Ndb4 14. Qd2 b5 15.
a3 Na5 16. Bd1 Nc4 17. Qc3 Nd5 18. Qd3 Ra7 19. Bc2 g6 20. h4 Rc7 21. h5 Re8 22.
hxg6 hxg6 23. Nfg5 f5 24. Qg3 Bf8 25. Nc5 e5 26. Nf3 e4 27. b3 exf3 28. Qxg6+
Rg7 29. Rxe8 Rxg6 30. Rxd8 Nd6 31. g3 Kf7 32. Bd2 Be7 33. Rxc8 Nxc8 34. Bxf5 Rc6
35. Be4 Ncb6 36. Bxf3 Bf6 37. Rc1 Bxd4 38. Nxa6 Rf6 39. Kg2 Rd6 40. Nb4 Ne7 41.
Bf4 Rd7 42. Rc7 Bb2 43. Rxd7 Nxd7 44. a4 bxa4 45. bxa4 Nc5 46. a5 Bc3 47. a6 Nc8
48. Bb7 1-0

[Event "Online Olym Top DivA 2020"]
[Site "chess.com INT"]
[Date "2020.08.21"]
[Round "3.3"]
[Board "3"]
[White "Hou, Yifan"]
[Black "Khademalsharieh, Sarasadat"]
[Result "1/2-1/2"]
[WhiteTitle "GM"]
[BlackTitle "IM"]
[WhiteElo "2658"]
[BlackElo "2494"]
[WhiteTeam "China"]
[BlackTeam "Iran"]
[WhiteFideId "8602980"]
[BlackFideId "12512214"]
[EventDate "2020.08.21"]
[EventType "team"]

1. e4 e5 2. Nf3 Nc6 3. Bc4 Bc5 4. O-O Nf6 5. d3 a6 6. c3 d6 7. Bb3 h6 8. Nbd2
O-O 9. h3 Re8 10. Re1 Be6 11. Nf1 d5 12. Qe2 Bf8 13. Bc2 Qd7 14. Ng3 Rad8 15.
Nh4 g6 16. Nf3 b5 17. Be3 Qc8 18. Nh2 Bg7 19. a4 Qb7 20. axb5 axb5 21. Ng4 Nxg4
22. hxg4 d4 23. Bd2 Ra8 24. Rxa8 Rxa8 25. Nf5 gxf5 26. gxf5 Ba2 27. Qh5 Qc8 28.
Bxh6 Qf8 29. Qg4 Kh7 30. Bd2 f6 31. g3 dxc3 32. bxc3 b4 33. Kg2 b3 34. Rh1+ Kg8
35. Bb1 Ne7 36. Qh5 Qf7 37. Qh7+ Kf8 38. d4 Bxb1 39. Rxb1 Ra2 40. Be3 Qc4 41.
Bh6 Bxh6 42. Qxh6+ Ke8 43. Qh8+ Kd7 44. Qxf6 Qe2 45. Qe6+ Ke8 46. Rxb3 Qxf2+ 47.
Kh3 Qg2+ 48. Kg4 Qxe4+ 49. Kg5 Qe3+ 50. Kg4 Qe4+ 51. Kg5 Qe3+ 52. Kg4 Qe4+ 1/2-1/2

[Event "Online Olym Top DivA 2020"]
[Site "chess.com INT"]
[Date "2020.08.21"]
[Round "3.3"]
[Board "4"]
[White "Mahdian, Anousha"]
[Black "Tan, Zhongyi"]
[Result "1/2-1/2"]
[WhiteTitle "WFM"]
[BlackTitle "GM"]
[WhiteElo "2212"]
[BlackElo "2510"]
[WhiteTeam "Iran"]
[BlackTeam "China"]
[WhiteFideId "12571490"]
[BlackFideId "8603642"]
[EventDate "2020.08.21"]
[EventType "team"]

1. d4 Nf6 2. c4 e6 3. Nc3 Bb4 4. g3 d5 5. Bg2 O-O 6. Nf3 dxc4 7. O-O Nc6 8. Qa4
Nd5 9. Qc2 Be7 10. Rd1 b6 11. e4 Ndb4 12. Qe2 Nd3 13. Be3 Bb4 14. Qc2 Ba5 15. a3
Ba6 16. b4 Ncxb4 17. axb4 Nxb4 18. Qd2 c6 19. Ne1 1/2-1/2

[Event "Online Olym Top DivA 2020"]
[Site "chess.com INT"]
[Date "2020.08.21"]
[Round "3.3"]
[Board "5"]
[White "Liu, Yan"]
[Black "Tabatabaei, M.amin"]
[Result "1/2-1/2"]
[WhiteTitle "GM"]
[BlackTitle "GM"]
[WhiteElo "2524"]
[BlackElo "2629"]
[WhiteTeam "China"]
[BlackTeam "Iran"]
[WhiteFideId "8608962"]
[BlackFideId "12521213"]
[EventDate "2020.08.21"]
[EventType "team"]

1. Nf3 g6 2. d4 Nf6 3. g3 Bg7 4. Bg2 O-O 5. O-O d6 6. c4 c6 7. Nc3 Bf5 8. b3 Ne4
9. Bb2 Nxc3 10. Bxc3 Be4 11. e3 e6 12. Qe2 Nd7 13. Rfd1 d5 14. cxd5 exd5 15. Bh3
Bxf3 16. Qxf3 f5 17. Bf1 Nf6 18. b4 Ne4 19. Be1 b5 20. a4 a6 21. Ra2 Qb6 22.
Rda1 Qb7 23. Bd3 Rfe8 24. h4 h5 25. Qd1 Nd6 26. axb5 axb5 27. Bc3 Bf8 28. Qb3
Nc4 29. Rxa8 Rxa8 30. Rxa8 Qxa8 31. Kg2 Bd6 32. Bb1 Kf7 33. Bd3 Ke6 34. Bc2 Kd7
35. Kf3 Kc7 36. Ke2 Qe8 37. Be1 Kb7 38. Bb1 Qe7 39. Bc2 Qe6 40. Bb1 f4 41. gxf4
Bxf4 42. Qd3 Qg4+ 43. Kf1 Qh3+ 44. Ke2 Qg4+ 45. Kf1 Qh3+ 46. Ke2 Qg4+ 1/2-1/2

[Event "Online Olym Top DivA 2020"]
[Site "chess.com INT"]
[Date "2020.08.21"]
[Round "3.3"]
[Board "6"]
[White "Zahedifar, Anahita"]
[Black "Zhu, Jiner"]
[Result "1/2-1/2"]
[WhiteTitle "WFM"]
[BlackTitle "WGM"]
[WhiteElo "2213"]
[BlackElo "2459"]
[WhiteTeam "Iran"]
[BlackTeam "China"]
[WhiteFideId "12560715"]
[BlackFideId "8608059"]
[EventDate "2020.08.21"]
[EventType "team"]

1. d4 Nf6 2. c4 e6 3. Nc3 Bb4 4. Qc2 c5 5. dxc5 O-O 6. Nf3 Na6 7. g3 Nxc5 8. Bg2
Nce4 9. O-O Nxc3 10. bxc3 Be7 11. Rd1 Qc7 12. Qb3 d6 13. Nd4 a6 14. Rb1 e5 15.
Nc2 Rb8 16. Ne3 Be6 17. Bd5 Bxd5 18. cxd5 Rfc8 19. Nf5 Bf8 20. Ba3 g6 21. Ne3
Qxc3 22. Qxc3 Rxc3 23. Bb4 Rcc8 24. Rdc1 b5 25. Rxc8 Rxc8 26. a4 bxa4 27. Ra1
Bh6 28. Rxa4 Rc1+ 29. Kg2 Bxe3 30. fxe3 Nxd5 31. Bxd6 Nxe3+ 32. Kf3 Nc4 33. Rxa6
Rf1+ 34. Kg2 Ne3+ 35. Kh3 Nc4 36. Ra8+ Kg7 37. Bf8+ Kf6 38. Ra6+ Kf5 39. Ra4 Rc1
40. Ra7 Ke6 41. Ra6+ Kd5 42. Rf6 Rc2 43. Rxf7 h5 44. Rd7+ Ke4 45. Rc7 Ne3 46.
Rxc2 Nxc2 47. g4 hxg4+ 48. Kxg4 Ke3 49. Kg5 Kxe2 50. Kxg6 Ne3 51. Kf6 Ng4+ 52.
Kf5 Kf3 53. h3 Nf2 54. Kxe5 Nxh3 1/2-1/2

[Event "Online Olym Top DivA 2020"]
[Site "chess.com INT"]
[Date "2020.08.21"]
[Round "3.4"]
[Board "1"]
[White "Mapuranga, Vitalis"]
[Black "Taher, Yoseph Theolifus"]
[Result "0-1"]
[BlackTitle "IM"]
[WhiteElo "2031"]
[BlackElo "2455"]
[WhiteTeam "Zimbabwe"]
[BlackTeam "Indonesia"]
[WhiteFideId "11004380"]
[BlackFideId "7105347"]
[EventDate "2020.08.21"]
[EventType "team"]

1. d4 f5 2. Nc3 Nf6 3. Bg5 d5 4. Bxf6 exf6 5. e3 Be6 6. Bd3 Qd7 7. Qf3 g6 8. h4
h5 9. Nge2 c6 10. Nf4 Bf7 11. a3 Bd6 12. O-O-O Na6 13. Bxa6 bxa6 14. Nd3 Qe7 15.
Na4 O-O 16. Nac5 a5 17. Kb1 Rab8 18. Ka2 Rb6 19. a4 Kg7 20. b3 Re8 21. g3 Be6
22. Qg2 Bc8 23. Rhe1 Ba6 24. f3 Bxd3 25. Nxd3 Rbb8 26. g4 hxg4 27. fxg4 Qe4 28.
Qxe4 dxe4 29. Nc5 fxg4 30. Rg1 f5 31. Rdf1 Bxc5 32. dxc5 Rbd8 33. h5 Rd2 34.
hxg6 Rxc2+ 35. Kb1 Rxc5 36. Rc1 Rxc1+ 37. Rxc1 Re6 38. Kc2 Kxg6 39. Kd2 Kg5 40.
Rh1 g3 41. Ke2 f4 42. exf4+ Kxf4 43. Rh4+ Kg5 44. Rh7 g2 45. Kf2 e3+ 0-1

[Event "Online Olym Top DivA 2020"]
[Site "chess.com INT"]
[Date "2020.08.21"]
[Round "3.4"]
[Board "2"]
[White "Firman Syah, Farid"]
[Black "Kudakwashe, Sibanda"]
[Result "1-0"]
[WhiteTitle "IM"]
[WhiteElo "2405"]
[BlackElo "2065"]
[WhiteTeam "Indonesia"]
[BlackTeam "Zimbabwe"]
[WhiteFideId "7102526"]
[BlackFideId "11001925"]
[EventDate "2020.08.21"]
[EventType "team"]

1. Nf3 Nf6 2. g3 d5 3. c4 d4 4. Bg2 c5 5. O-O Nc6 6. d3 e5 7. e3 Bd6 8. exd4
cxd4 9. Bg5 O-O 10. Nbd2 Bf5 11. Ne1 h6 12. Bxf6 Qxf6 13. Ne4 Qe7 14. a3 a5 15.
Rc1 a4 16. c5 Bc7 17. Nc2 Be6 18. Nb4 Ra5 19. Nd2 Rxc5 20. Nxc6 bxc6 21. Rxc5
Qxc5 22. Qxa4 Bd5 23. Ne4 Qb6 24. b4 Qb7 25. Nc5 Qa8 26. Bxd5 cxd5 27. Qd7 Bb6
28. Na4 Bd8 29. Rc1 Bg5 30. Rc5 Rd8 31. Qc6 Be7 32. Qxa8 Rxa8 33. Ra5 Rd8 34.
Nb6 e4 35. Rxd5 exd3 36. Rxd8+ Bxd8 37. Nc4 Kf8 38. Kf1 Ke7 39. Ke1 Ke6 40. Kd2
Kd5 41. Kxd3 Be7 42. g4 g6 43. b5 Kc5 44. b6 Bd8 45. a4 Bxb6 46. Nxb6 Kxb6 47.
Kxd4 f5 48. gxf5 gxf5 49. Ke5 f4 50. Kxf4 Ka5 51. Ke5 Kxa4 52. f4 1-0

[Event "Online Olym Top DivA 2020"]
[Site "chess.com INT"]
[Date "2020.08.21"]
[Round "3.4"]
[Board "3"]
[White "Makwena, Christine"]
[Black "Sihite, Chelsie Monica Ignesias"]
[Result "0-1"]
[BlackTitle "WIM"]
[WhiteElo "1653"]
[BlackElo "2252"]
[WhiteTeam "Zimbabwe"]
[BlackTeam "Indonesia"]
[WhiteFideId "11003391"]
[BlackFideId "7101198"]
[EventDate "2020.08.21"]
[EventType "team"]

1. d4 Nf6 2. Bg5 d5 3. Bxf6 exf6 4. e3 c6 5. Bd3 Bd6 6. Nf3 O-O 7. O-O a5 8. c3
Na6 9. Nbd2 f5 10. Qc2 Qf6 11. Rfe1 g5 12. Nf1 c5 13. Ng3 g4 14. Nd2 c4 15. Be2
h5 16. b3 h4 17. Ngf1 f4 18. exf4 Bf5 19. Qd1 Qg6 20. Ne3 Bxf4 21. Nxf5 Qxf5 22.
Bxg4 Qg5 23. Nf1 Kh8 24. Bh3 Rg8 25. Qf3 Rg7 26. Ne3 Nc7 27. bxc4 dxc4 28. Nxc4
Nd5 29. Ne5 Nf6 30. Rab1 Rag8 31. Rb5 Qh6 32. Rxb7 Bxe5 33. dxe5 Nh7 34. Rxf7
Ng5 35. Qf4 Nxh3+ 0-1

[Event "Online Olym Top DivA 2020"]
[Site "chess.com INT"]
[Date "2020.08.21"]
[Round "3.4"]
[Board "4"]
[White "Singgih, Diajeng Theresa"]
[Black "Zengeni, Tatenda Melisa"]
[Result "1-0"]
[WhiteTitle "WFM"]
[WhiteElo "1972"]
[BlackElo "1584"]
[WhiteTeam "Indonesia"]
[BlackTeam "Zimbabwe"]
[WhiteFideId "7104391"]
[BlackFideId "11001313"]
[EventDate "2020.08.21"]
[EventType "team"]

1. e4 c6 2. d4 d5 3. exd5 cxd5 4. Bd3 Nf6 5. c3 e6 6. Nf3 Bd6 7. O-O O-O 8. Re1
Nbd7 9. Ne5 Qc7 10. Bf4 a6 11. Nd2 b5 12. Ndf3 Nh5 13. Bxh7+ Kh8 14. Nxf7+ Rxf7
15. Bxd6 Qxd6 16. Ng5 Rxf2 17. Qxh5 Rf6 18. Bg6+ Kg8 19. Qh7+ Kf8 20. Qh8+ 1-0

[Event "Online Olym Top DivA 2020"]
[Site "chess.com INT"]
[Date "2020.08.21"]
[Round "3.4"]
[Board "5"]
[White "Mpala, Leeroy"]
[Black "Arfan, Aditya Bagus"]
[Result "0-1"]
[BlackTitle "CM"]
[WhiteElo "1803"]
[BlackElo "2274"]
[WhiteTeam "Zimbabwe"]
[BlackTeam "Indonesia"]
[WhiteFideId "11003367"]
[BlackFideId "7106041"]
[EventDate "2020.08.21"]
[EventType "team"]

1. d4 d5 2. Nf3 Nf6 3. g3 Bf5 4. Bg2 c6 5. O-O Nbd7 6. c4 e6 7. Ne5 Be7 8. Nc3
O-O 9. cxd5 exd5 10. Nxd7 Qxd7 11. Qb3 Bh3 12. Bg5 Bxg2 13. Kxg2 Rfe8 14. Bxf6
Bxf6 15. e3 Re6 16. Na4 Be7 17. h3 Re8 18. Nc3 Rh6 19. Rh1 Bd6 20. Ne2 Rf6 21.
Nf4 Bxf4 0-1

[Event "Online Olym Top DivA 2020"]
[Site "chess.com INT"]
[Date "2020.08.21"]
[Round "3.4"]
[Board "6"]
[White "Latifah, Laysa"]
[Black "Mawire, Rumbidzai"]
[Result "1-0"]
[BlackTitle "WCM"]
[WhiteElo "1897"]
[BlackElo "1388"]
[WhiteTeam "Indonesia"]
[BlackTeam "Zimbabwe"]
[WhiteFideId "7111541"]
[BlackFideId "14317940"]
[EventDate "2020.08.21"]
[EventType "team"]

1. e4 c5 2. Nf3 e6 3. d4 cxd4 4. Nxd4 a6 5. a3 Qc7 6. Nc3 Nf6 7. Be2 Be7 8. Be3
b5 9. O-O O-O 10. f4 d6 11. Bf3 e5 12. Nf5 Bxf5 13. exf5 Nc6 14. Nd5 Nxd5 15.
Bxd5 Rac8 16. Qg4 Bf6 17. c3 Ne7 18. Bb3 Qd7 19. fxe5 dxe5 20. Rad1 Qc7 21. Rf3
Rcd8 22. Rdf1 a5 23. Rg3 Kh8 24. Rh3 Ng8 25. Qh5 h6 26. g4 Qe7 27. g5 Bxg5 28.
Qxg5 Qxg5+ 29. Bxg5 Rd7 30. f6 Nxf6 31. Bxf6 gxf6 32. Rxh6+ Kg7 33. Rhxf6 Re7
34. R6f5 e4 35. Rg5+ Kh8 36. Rf6 Kh7 37. Kf1 e3 38. Ke2 Rd8 39. Bc2+ Kh8 40.
Rh6# 1-0

[Event "Online Olym Top DivA 2020"]
[Site "chess.com INT"]
[Date "2020.08.21"]
[Round "3.5"]
[Board "1"]
[White "Anand, Viswanathan"]
[Black "Abdusattorov, Nodirbek"]
[Result "1/2-1/2"]
[WhiteTitle "GM"]
[BlackTitle "GM"]
[WhiteElo "2753"]
[BlackElo "2627"]
[WhiteTeam "India"]
[BlackTeam "Uzbekistan"]
[WhiteFideId "5000017"]
[BlackFideId "14204118"]
[EventDate "2020.08.21"]
[EventType "team"]

1. d4 d5 2. c4 e6 3. Nc3 c5 4. cxd5 exd5 5. Nf3 Nc6 6. dxc5 d4 7. Na4 Bxc5 8.
Nxc5 Qa5+ 9. Bd2 Qxc5 10. Rc1 Qb6 11. e3 Nf6 12. Qa4 dxe3 13. Bxe3 Qb4+ 14. Qxb4
Nxb4 15. a3 Nbd5 16. Bc5 b6 17. Bd4 O-O 18. Bb5 Bd7 19. Bxd7 Nxd7 20. O-O Rac8
21. Rfd1 f6 22. Kf1 Kf7 23. Bc3 Ke6 24. Nd4+ Kf7 25. Nb5 Rc5 26. Nxa7 Ra8 27.
Nc6 Rxc6 28. Rxd5 Ra7 29. Bd2 Rxc1+ 30. Bxc1 Ke6 31. Rd1 Rc7 32. Be3 Rc6 33. Ke2
g5 34. Rc1 Rd6 35. a4 h6 36. b4 f5 37. g3 Ne5 38. a5 bxa5 39. bxa5 Ra6 40. Bb6
Ra8 41. Rc7 Kd5 42. Rc5+ Kd6 43. f4 gxf4 44. gxf4 Ng6 45. Rc4 Kd5 46. Kd3 Ne7
47. Rc5+ Kd6 48. Kc4 Kd7 49. Kb5 Nc8 50. Rc7+ Ke6 51. Bc5 Nd6+ 52. Bxd6 Kxd6 53.
Rc6+ Kd5 54. a6 h5 55. Rc7 Ke4 56. Rc4+ Kd5 57. Ra4 Rb8+ 58. Ka5 Kc5 59. Ra1
Rb5+ 60. Ka4 Kb6 61. Rg1 Rb2 62. Rg6+ Ka7 63. Ka5 Ra2+ 64. Kb5 Rb2+ 65. Ka5 Rxh2
66. Rg7+ Ka8 67. Rf7 h4 68. Rxf5 h3 69. Rf8+ Ka7 70. Rf7+ Ka8 71. Rh7 Rh1 72.
Kb6 Rb1+ 73. Kc5 Rh1 74. Kb6 Rb1+ 75. Kc5 Rh1 76. Kb6 1/2-1/2

[Event "Online Olym Top DivA 2020"]
[Site "chess.com INT"]
[Date "2020.08.21"]
[Round "3.5"]
[Board "2"]
[White "Yakubboev, Nodirbek"]
[Black "Harikrishna, Pentala"]
[Result "0-1"]
[WhiteTitle "GM"]
[BlackTitle "GM"]
[WhiteElo "2591"]
[BlackElo "2732"]
[WhiteTeam "Uzbekistan"]
[BlackTeam "India"]
[WhiteFideId "14203987"]
[BlackFideId "5007003"]
[EventDate "2020.08.21"]
[EventType "team"]

1. d4 d5 2. c4 c6 3. Nf3 Nf6 4. e3 Bf5 5. Nc3 e6 6. Nh4 Be4 7. f3 Bg6 8. Qb3 Qc7
9. Bd2 Be7 10. Nxg6 hxg6 11. O-O-O dxc4 12. Bxc4 b5 13. Bd3 a6 14. a4 Nbd7 15.
Kb1 O-O 16. Rc1 c5 17. axb5 axb5 18. Nxb5 Qb7 19. Kc2 Rab8 20. Kd1 e5 21. Qa2 e4
22. Be2 exf3 23. gxf3 Qc6 24. Nc3 cxd4 25. Nb5 Bc5 26. exd4 Rxb5 27. Bxb5 Qxf3+
28. Kc2 Bxd4 29. Qa3 Qb7 30. Bxd7 Nxd7 31. Kb1 Qe4+ 0-1

[Event "Online Olym Top DivA 2020"]
[Site "chess.com INT"]
[Date "2020.08.21"]
[Round "3.5"]
[Board "3"]
[White "Koneru, Humpy"]
[Black "Gevorgyan, Irina"]
[Result "1-0"]
[WhiteTitle "GM"]
[BlackTitle "WGM"]
[WhiteElo "2586"]
[BlackElo "2245"]
[WhiteTeam "India"]
[BlackTeam "Uzbekistan"]
[WhiteFideId "5008123"]
[BlackFideId "14201437"]
[EventDate "2020.08.21"]
[EventType "team"]

1. d4 d5 2. c4 c6 3. Nf3 e6 4. e3 Nf6 5. Nbd2 Nbd7 6. Bd3 Bd6 7. O-O O-O 8. e4
dxe4 9. Nxe4 Nxe4 10. Bxe4 h6 11. Bc2 e5 12. b3 exd4 13. Qxd4 Bc5 14. Qc3 Re8
15. Bb2 Nf6 16. Rad1 Qc7 17. Qd3 1-0

[Event "Online Olym Top DivA 2020"]
[Site "chess.com INT"]
[Date "2020.08.21"]
[Round "3.5"]
[Board "4"]
[White "Kurbonboeva, Sarvinoz"]
[Black "Harika, Dronavalli"]
[Result "0-1"]
[WhiteTitle "WGM"]
[BlackTitle "GM"]
[WhiteElo "2234"]
[BlackElo "2515"]
[WhiteTeam "Uzbekistan"]
[BlackTeam "India"]
[WhiteFideId "14201780"]
[BlackFideId "5015197"]
[EventDate "2020.08.21"]
[EventType "team"]

1. d4 d5 2. c4 e6 3. Nc3 Bb4 4. cxd5 exd5 5. Nf3 Nf6 6. Bg5 h6 7. Bxf6 Qxf6 8.
Qa4+ Nc6 9. Ne5 O-O 10. Nxc6 Bxc3+ 11. bxc3 bxc6 12. e3 Qg6 13. Rc1 Rb8 14. c4
Rb1 15. Qd1 Bg4 16. f3 Rfb8 17. Kf2 R8b2+ 18. Be2 Bf5 19. Re1 Rxc1 20. Qxc1 Rc2
21. Qa3 Bd3 22. Qxa7 Bxc4 23. Qa3 Rxa2 24. Qc3 c5 25. dxc5 Qa6 0-1

[Event "Online Olym Top DivA 2020"]
[Site "chess.com INT"]
[Date "2020.08.21"]
[Round "3.5"]
[Board "5"]
[White "Praggnanandhaa, R"]
[Black "Sindarov, Javokhir"]
[Result "1-0"]
[WhiteTitle "GM"]
[BlackTitle "GM"]
[WhiteElo "2608"]
[BlackElo "2557"]
[WhiteTeam "India"]
[BlackTeam "Uzbekistan"]
[WhiteFideId "25059530"]
[BlackFideId "14205483"]
[EventDate "2020.08.21"]
[EventType "team"]

1. e4 e5 2. Nf3 Nc6 3. Bc4 Nf6 4. d3 h6 5. c3 d6 6. a4 g6 7. Qb3 Qe7 8. a5 a6 9.
O-O Bg7 10. Nbd2 O-O 11. Re1 Kh8 12. d4 Nh5 13. dxe5 dxe5 14. Nf1 Bg4 15. N3d2
Qc5 16. Ne3 Bd7 17. Qa2 f5 18. b3 Rfd8 19. Ba3 Qxa5 20. Qc2 Qb6 21. Nf3 Nf4 22.
Nd5 Nxd5 23. exd5 Na5 24. Nxe5 Re8 25. Nxd7 1-0

[Event "Online Olym Top DivA 2020"]
[Site "chess.com INT"]
[Date "2020.08.21"]
[Round "3.5"]
[Board "6"]
[White "Yakubbaeva, Nilufar"]
[Black "Vantika, Agrawal"]
[Result "0-1"]
[WhiteTitle "WIM"]
[BlackTitle "WIM"]
[WhiteElo "2265"]
[BlackElo "2286"]
[WhiteTeam "Uzbekistan"]
[BlackTeam "India"]
[WhiteFideId "14204487"]
[BlackFideId "25050389"]
[EventDate "2020.08.21"]
[EventType "team"]

1. d4 Nf6 2. Nf3 g6 3. Bf4 Bg7 4. Nc3 d5 5. Qd2 O-O 6. Bh6 c5 7. Bxg7 Kxg7 8.
dxc5 Qa5 9. e3 Qxc5 10. h4 h5 11. Ne5 Nc6 12. Nd3 Qa5 13. Nf4 Rd8 14. Rd1 e5 15.
Nh3 d4 16. exd4 exd4 17. Nb1 Qxa2 18. Bd3 Qxb2 19. Ng5 Re8+ 20. Kf1 Bg4 21. f3
Be6 0-1

[Event "Online Olym Top DivA 2020"]
[Site "chess.com INT"]
[Date "2020.08.22"]
[Round "4.1"]
[Board "1"]
[White "Le, Quang Liem"]
[Black "Abdusattorov, Nodirbek"]
[Result "1/2-1/2"]
[WhiteTitle "GM"]
[BlackTitle "GM"]
[WhiteElo "2709"]
[BlackElo "2627"]
[WhiteTeam "Vietnam"]
[BlackTeam "Uzbekistan"]
[WhiteFideId "12401137"]
[BlackFideId "14204118"]
[EventDate "2020.08.21"]
[EventType "team"]

1. d4 d5 2. c4 e6 3. Nf3 Nf6 4. g3 dxc4 5. Bg2 c5 6. O-O Nc6 7. dxc5 Qxd1 8.
Rxd1 Bxc5 9. Nbd2 c3 10. bxc3 O-O 11. Nb3 Be7 12. c4 Bd7 13. Bb2 Rfd8 14. Nfd4
Rac8 15. Nb5 Ne8 16. c5 Bf6 17. Bxf6 gxf6 18. Rd2 a6 19. Nc3 f5 20. Na4 Nf6 21.
Nb6 Rc7 22. Rad1 Kf8 23. Rd6 Ke7 24. Bxc6 Rxc6 25. Na5 Rc7 26. f3 Rg8 27. Nxd7
Rxd7 28. Rxd7+ Nxd7 29. c6 bxc6 30. Nxc6+ Ke8 31. Kf2 Rg6 32. f4 Rh6 33. h4 Rg6
34. a4 e5 35. Nxe5 Nxe5 36. fxe5 Rg4 37. Rd6 Rxa4 38. Kf3 Ke7 39. Rh6 a5 40.
Rxh7 Ke6 41. h5 Ra1 42. Rh6+ Kxe5 43. Ra6 a4 44. h6 Rh1 45. Rxa4 Rxh6 46. Ra5+
Kf6 47. Kf4 Rh2 48. Rxf5+ Kg6 49. Re5 f6 50. Re7 Rf2+ 51. Ke3 Rf1 52. Re4 Rg1
53. Rg4+ Kf5 54. Rf4+ Kg5 55. Kf2 Ra1 56. Rc4 Ra3 57. Rc5+ Kg4 58. Rc8 Rb3 59.
Rg8+ Kf5 60. g4+ Ke5 61. e3 Ke6 62. Ra8 Rb1 63. Kf3 Kf7 64. Ra5 Kg6 65. Ra6 Rf1+
66. Kg2 Re1 67. Kf2 Rb1 1/2-1/2

[Event "Online Olym Top DivA 2020"]
[Site "chess.com INT"]
[Date "2020.08.22"]
[Round "4.1"]
[Board "2"]
[White "Yakubboev, Nodirbek"]
[Black "Nguyen, Ngoc Truong Son"]
[Result "1/2-1/2"]
[WhiteTitle "GM"]
[BlackTitle "GM"]
[WhiteElo "2591"]
[BlackElo "2641"]
[WhiteTeam "Uzbekistan"]
[BlackTeam "Vietnam"]
[WhiteFideId "14203987"]
[BlackFideId "12401110"]
[EventDate "2020.08.21"]
[EventType "team"]

1. d4 Nf6 2. c4 e6 3. Nf3 d5 4. Nc3 Be7 5. Bf4 O-O 6. e3 Nbd7 7. Rc1 c5 8. dxc5
Nxc5 9. Be2 dxc4 10. Bxc4 Qxd1+ 11. Rxd1 a6 12. Nd4 Re8 13. Be2 b5 14. Bf3 Bb7
15. O-O Rac8 16. Bxb7 Nxb7 17. Rc1 Bb4 18. Nce2 Na5 19. Rxc8 Rxc8 20. Rc1 Rxc1+
21. Nxc1 1/2-1/2